It looks like you're offline.
Open Library logo
additional options menu

MARC record from Internet Archive

LEADER: 02913cam 2200829 a 4500
001 ocn132312687
003 OCoLC
005 20180913221958.0
008 070511s2007 enkab j 000 1 eng
010 $a 2012418517
040 $aUKM$beng$cUKM$dBTCTA$dAU@$dYDXCP$dOCLCQ$dDLC$dOCLCO$dNSELP$dOCLCQ$dOCLCO$dOCLCQ$dOCLCO$dDHA$dNZWRP$dOCLCQ$dOCLCF
015 $aGBA737427$2bnb
016 7 $a013746589$2Uk
019 $a271282195$a962041675
020 $a9781846164828$q(pbk.)
020 $a1846164826$q(pbk.)
035 $a(OCoLC)132312687$z(OCoLC)271282195$z(OCoLC)962041675
042 $aukblcatcopy
050 00 $aPZ7.B5347$bSe 2007
082 04 $a823.92$222
084 $a823$2z
084 $a823
100 1 $aBlade, Adam.
245 10 $aSepron :$bthe sea serpent /$cby Adam Blade.
260 $aLondon :$bOrchard Books,$c2007.
300 $a111 pages :$billustrations, 1 map ;$c20 cm.
336 $atext$btxt$2rdacontent
337 $aunmediated$bn$2rdamedia
338 $avolume$bnc$2rdacarrier
490 1 $aBeast quest ;$v2
500 $a2 collector cards attached.
520 $a"Avantia is under threat from its magical beasts which have been enchanted by an evil wizard. To save his land and his people, Tom must battle Sepron the Sea Serpent in the depths of the ocean - will he succeed?"--Back cover.
650 0 $aTom (Fictitious character : Blade)$vJuvenile fiction.
650 0 $aElenna (Fictitious character : Blade)$vJuvenile fiction.
650 0 $aMonsters$vJuvenile fiction.
650 1 $aChildren's fantasy fiction$vFiction.
650 7 $aMonsters.$2fast$0(OCoLC)fst01025752
655 0 $aChildren's stories.
655 4 $aChildren's fiction.$5NZ-WeK
655 7 $aFantasy fiction.$2gsafd
655 7 $aFantasy fiction.$2lcgft
655 7 $aFantasy fiction.$2fast$0(OCoLC)fst01726607
655 7 $aFiction.$2fast$0(OCoLC)fst01423787
655 7 $aJuvenile works.$2fast$0(OCoLC)fst01411637
830 0 $aBeast quest ;$v2.
938 $aBaker and Taylor$bBTCP$nBK0007262918
938 $aYBP Library Services$bYANK$n3680521
029 1 $aAU@$b000042223996
029 1 $aAU@$b000042340351
029 1 $aAU@$b000062037797
029 1 $aCBK$b108664104
029 1 $aNLNZL$b9916357553502836
029 1 $aNOK$b1846164826
029 1 $aNZ1$b11390556
029 1 $aNZ1$b15977124
029 1 $aNZ1$b1635755
029 1 $aUKBCI$b108664104
029 1 $aUKBNS$b108664104
029 1 $aUKBOR$b108664104
029 1 $aUKDEL$b108664104
029 1 $aUKDON$b1846164826
029 1 $aUKDOR$b108664104
029 1 $aUKMDD$b1846164826
029 1 $aUKPMH$b108664104
029 1 $aUKPMH$b1846164826
029 1 $aUKSCO$b108664104
029 1 $aUKSGC$b108664104
029 1 $aUKSOM$b108664104
029 1 $aUKTLS$b108664104
029 1 $aUNITY$b108664104
994 $aZ0$bP4A
948 $hNO HOLDINGS IN P4A - 231 OTHER HOLDINGS